000 00494 a2200169 4500
999 _c9004
_d9004
020 _a0702127809
050 0 0 _aKTL3000GEL1992
100 1 _aGeldenhuys, Tertius.
245 1 0 _aIntroduction to security law /
_cTertius Geldenhuys.
250 _a1st ed.
264 _aCape town,
_bJuta and Co,
_c1992
300 _axii, 412 p. ;
500 _aincludes index
650 0 _aPolice
942 _2lcc
_cBK
_h3000
_iGEL
_kKTL